Stay alive all your life.

Bibliographic Details
Main Author: Peale, Norman Vincent, 1898-1993
Format: Book
Language:English
Published: Englewood Cliffs, N.J. : Prentice-Hall, [1957]
Subjects:

MARC

Tag First Indicator Second Indicator Subfields
LEADER 00000cam a22000001 4500
001 in00000057931
005 20151008050947.0
008 790516s1957 nju 00000 eng
010 |a  57006179  
035 |a (OCoLC)00560789 
035 |9 AAG4587AM 
040 |a DLC  |c DLC  |d TXA  |d UtOrBLW 
049 |a TXAM  |c [276720] 
050 0 0 |a BF636  |b .P39 
082 0 |a 248 
092 |a 248  |b P358s 
100 1 |a Peale, Norman Vincent,  |d 1898-1993. 
245 1 0 |a Stay alive all your life. 
264 1 |a Englewood Cliffs, N.J. :  |b Prentice-Hall,  |c [1957] 
300 |a 300 pages ;  |c 21 cm. 
336 |a text  |b txt  |2 rdacontent 
337 |a unmediated  |b n  |2 rdamedia 
338 |a volume  |b nc  |2 rdacarrier 
650 0 |a Psychology, Applied. 
999 |a MARS 
999 f f |s 333dbca9-d9e3-3371-bdb3-b17e07952e36  |i bf0afcf5-0615-35d3-b6b4-e35e66719885  |t 0 
952 f f |p ric  |a Texas A&M University  |b Rellis Campus  |c Joint Library Facility  |d Remote Storage  |t 0  |e BF636 .P39  |h Library of Congress classification  |i unmediated -- volume  |m A14800611183 
998 f f |a BF636 .P39  |t 0  |l Remote Storage